[Event "46th OKU-A 2019"]
[Site "Utrecht"]
[Date "2019.06.02"]
[Round "6.11"]
[White "Okkes, Menno"]
[Black "Mijnster, Niels"]
[Result "1/2-1/2"]
[WhiteElo "2320"]
[BlackElo "2064"]
[Annotator "ChessBase"]
[PlyCount "118"]
[EventDate "2019.05.31"]
[EventType "swiss"]
[EventCountry "NED"]
[SourceTitle "playchess.com"]
[Source "ChessBase"]
[SourceQuality "1"]
[TimeControl "6600+10"]

1. Nf3 {[%emt 0:00:00]} g6 {[%emt 0:02:00]} 2. c4 {[%emt 0:00:04]} c6 {[%emt 0:00:47]} 3. Nc3 {[%emt 0:00:44]} d5 {[%emt 0:00:58]} 4. cxd5 {[%emt 0:00:24]} cxd5 {[%emt 0:00:04]} 5. d4 {[%emt 0:00:06]} Bg7 {[%emt 0:00:18]} 6. Bf4 {[%emt 0:00:07]} Nf6 {[%emt 0:00:42]} 7. e3 {[%emt 0:00:57]} O-O {[%emt 0:02:47]} 8. h3 {[%emt 0:01:33]} Nc6 {[%emt 0:01:34]} 9. Be2 {[%emt 0:02:43]} Ne4 {[%emt 0:04:35]} 10. O-O {[%emt 0:02:24]} g5 {[%emt 0:06:09]} 11. Bxg5 {[%emt 0:06:46]} Nxg5 {[%emt 0:04:34]} 12. Nxg5 {[%emt 0:00:10]} e5 {[%emt 0:00:13]} 13. Nf3 {[%emt 0:00:18]} e4 {[%emt 0:02:07]} 14. Nh2 {[%emt 0:01:54]} Qg5 {[%emt 0:01:02]} 15. Kh1 {[%emt 0:01:15]} Kh8 {[%emt 0:02:46]} 16. f4 {[%emt 0:18:04]} Qg3 {[%emt 0:17:10]} 17. Qd2 {[%emt 0:00:40]} Ne7 {[%emt 0:05:24]} 18. Bg4 {[%emt 0:07:18]} f5 {[%emt 0:04:32]} 19. Bd1 {[%emt 0:01:12]} Qh4 {[%emt 0:10:29]} 20. Bb3 {[%emt 0:00:34]} Be6 {[%emt 0:00:32]} 21. Nb5 {[%emt 0:05:06]} Rad8 {[%emt 0:16:25]} 22. Nxa7 {[%emt 0:01:43]} Rg8 {[%emt 0:01:41]} 23. Nb5 {[%emt 0:00:22]} Bf6 {[%emt 0:02:10]} 24. Rg1 {[%emt 0:15:02]} Rg3 {[%emt 0:02:33]} 25. Nc3 {[%emt 0:03:06]} Rdg8 {[%emt 0:01:23]} 26. Ne2 {[%emt 0:01:10]} R3g7 {[%emt 0:00:32]} 27. Qe1 {[%emt 0:00:50]} Qh6 {[%emt 0:01:22]} 28. Qf1 {[%emt 0:00:45]} Bh4 {[%emt 0:01:22]} 29. Rc1 {[%emt 0:02:13]} Bg3 {[%emt 0:04:02]} 30. Rc7 {[%emt 0:00:30]} Qh4 {[%emt 0:00:39]} 31. Nxg3 {[%emt 0:08:01]} Rxg3 {[%emt 0:00:02]} 32. Qf2 {[%emt 0:01:30]} Bf7 {[%emt 0:02:45]} 33. Bd1 {[%emt 0:02:25]} Be8 {[%emt 0:03:42]} 34. a4 {[%emt 0:05:48]} Nc6 {[%emt 0:01:21]} 35. Rxb7 {[%emt 0:07:01]} Na5 {[%emt 0:00:42]} 36. Rb4 {[%emt 0:00:30]} Qe7 {[%emt 0:00:30]} 37. Rb8 {[%emt 0:00:58]} Nc4 {[%emt 0:00:34]} 38. Nf1 {[%emt 0:00:16]} R3g7 {[%emt 0:01:08]} 39. b3 {[%emt 0:00:28]} Qc7 {[%emt 0:00:36]} 40. Rxe8 {[%emt 0:00:25]} Rxe8 {[%emt 0:00:02]} 41. bxc4 {[%emt 0:00:06]} dxc4 {[%emt 0:00:23]} 42. g4 {[%emt 0:00:48]} c3 {[%emt 0:00:42]} 43. gxf5 {[%emt 0:03:39]} Rxg1+ {[%emt 0:00:03]} 44. Kxg1 {[%emt 0:00:08]} Rb8 {[%emt 0:00:19]} 45. Qh4 {[%emt 0:00:49]} Rb2 {[%emt 0:01:47]} 46. Qf6+ {[%emt 0:00:20]} Qg7+ {[%emt 0:00:26]} 47. Qxg7+ {[%emt 0:00:08]} Kxg7 {[%emt 0:00:02]} 48. a5 {[%emt 0:01:36]} h5 {[%emt 0:00:34]} 49. a6 {[%emt 0:00:00]} h4 {[%emt 0:00:02]} 50. a7 {[%emt 0:00:04]} Ra2 {[%emt 0:00:02]} 51. Bc2 {[%emt 0:00:19]} Rxa7 {[%emt 0:00:21]} 52. Bxe4 {[%emt 0:00:10]} Ra2 {[%emt 0:00:21]} 53. Nh2 {[%emt 0:00:47]} Ra1+ {[%emt 0:00:11]} 54. Kg2 {[%emt 0:00:41]} Ra2+ {[%emt 0:00:04]} 55. Kg1 {[%emt 0:00:06]} Ra1+ {[%emt 0:00:07]} 56. Nf1 {[%emt 0:02:17]} Ra2 57. Bd3 {[%emt 0:01:49]} c2 {[%emt 0:00:02]} 58. Bxc2 Rxc2 59. Nh2 {[%emt 0:00:13]} Rc1+ {[%emt 0:00:01]} 1/2-1/2

[Event "46th OKU-A 2019"]
[Site "Utrecht"]
[Date "2019.06.02"]
[Round "6.12"]
[White "Sekandar, Kambiz"]
[Black "Van Rekom, Robert"]
[Result "1-0"]
[WhiteElo "2193"]
[BlackElo "1998"]
[Annotator "ChessBase"]
[PlyCount "75"]
[EventDate "2019.05.31"]
[EventType "swiss"]
[EventCountry "NED"]
[SourceTitle "playchess.com"]
[Source "ChessBase"]
[SourceQuality "1"]
[TimeControl "6600+10"]

1. e4 {[%emt 0:00:00]} e6 {[%emt 0:00:00]} 2. Nf3 {[%emt 0:00:00]} d5 {[%emt 0:00:07]} 3. Nc3 {[%emt 0:00:00]} d4 {[%emt 0:03:19]} 4. Ne2 {[%emt 0:00:02]} c5 {[%emt 0:00:08]} 5. c3 {[%emt 0:00:04]} dxc3 {[%emt 0:05:49]} 6. bxc3 {[%emt 0:00:21]} Nf6 {[%emt 0:01:11]} 7. Ng3 {[%emt 0:00:54]} Nc6 {[%emt 0:00:55]} 8. Bc4 {[%emt 0:03:49]} Bd6 {[%emt 0:04:59]} 9. d3 {[%emt 0:02:42]} Qa5 {[%emt 0:11:32]} 10. Bd2 {[%emt 0:02:58]} O-O {[%emt 0:01:30]} 11. O-O {[%emt 0:00:19]} b5 {[%emt 0:06:47]} 12. Bb3 {[%emt 0:00:43]} c4 {[%emt 0:18:18]} 13. Bc2 {[%emt 0:01:29]} e5 {[%emt 0:11:03]} 14. d4 {[%emt 0:02:31]} Bg4 {[%emt 0:02:16]} 15. d5 {[%emt 0:01:37]} Ne7 {[%emt 0:02:04]} 16. h3 {[%emt 0:00:26]} Bc8 {[%emt 0:06:36]} 17. a4 {[%emt 0:03:23]} Nd7 {[%emt 0:03:29]} 18. axb5 {[%emt 0:01:32]} Qxb5 {[%emt 0:00:27]} 19. Qe2 {[%emt 0:00:16]} a5 {[%emt 0:04:37]} 20. Rfb1 {[%emt 0:01:45]} Qc5 {[%emt 0:00:58]} 21. Ba4 {[%emt 0:01:40]} Qc7 {[%emt 0:00:41]} 22. Be3 {[%emt 0:01:37]} f5 {[%emt 0:09:27]} 23. Nxf5 {[%emt 0:05:00]} Nxf5 {[%emt 0:00:32]} 24. exf5 {[%emt 0:00:16]} Bb7 {[%emt 0:04:06]} 25. Rxb7 {[%emt 0:09:16]} Qxb7 {[%emt 0:00:06]} 26. Bc6 {[%emt 0:00:06]} Qc7 {[%emt 0:00:23]} 27. Bxa8 {[%emt 0:00:19]} Rxa8 {[%emt 0:00:03]} 28. Ra4 {[%emt 0:01:49]} Qb7 {[%emt 0:02:20]} 29. Qxc4 {[%emt 0:02:14]} Qb1+ {[%emt 0:00:48]} 30. Qf1 {[%emt 0:00:07]} Qb3 {[%emt 0:01:07]} 31. Qa1 {[%emt 0:01:10]} Qxd5 {[%emt 0:00:59]} 32. c4 {[%emt 0:00:08]} Qd3 {[%emt 0:01:30]} 33. Rxa5 {[%emt 0:01:44]} Rxa5 {[%emt 0:01:39]} 34. Qxa5 {[%emt 0:00:15]} Qb1+ {[%emt 0:00:06]} 35. Qe1 {[%emt 0:00:20]} Qxf5 {[%emt 0:00:13]} 36. Qd1 {[%emt 0:00:36]} e4 {[%emt 0:01:59]} 37. Ng5 {[%emt 0:05:37]} Qe5 {[%emt 0:03:06]} 38. Nxe4 {[%emt 0:00:35]} 1-0